000
00335nam a2200145Ia 4500
005
20251222143257.0
008
251222s9999||||xx |||||||||||||| ||spa||
020
_a
9788420639543
082
_a
302.222/D31
100
_a
Davis, Flora
245
0
_a
La Comunicación no Verbal
250
_a
1ra.ed.
264
_b
Alianza
942
_c
LIB
999
_c
15178
_d
15178